The White Coat Diaries / (Record no. 366474)
[ view plain ]
| 000 -LEADER | |
|---|---|
| fixed length control field | 01474nam a22001937a 4500 |
| 003 - CONTROL NUMBER IDENTIFIER | |
| control field | 0 |
| 005 - DATE AND TIME OF LATEST TRANSACTION | |
| control field | 20241009152434.0 |
| 008 - FIXED-LENGTH DATA ELEMENTS--GENERAL INFORMATION | |
| fixed length control field | 241009b xxu||||| |||| 00| 0 eng d |
| 020 ## - INTERNATIONAL STANDARD BOOK NUMBER | |
| International Standard Book Number | 9780593098196 |
| 050 ## - LIBRARY OF CONGRESS CALL NUMBER | |
| Classification number | PS 3619 |
| Item number | .Si617 2020 |
| 100 ## - MAIN ENTRY--PERSONAL NAME | |
| Personal name | Sinha, Madi, |
| Relator term | author. |
| 245 ## - TITLE STATEMENT | |
| Title | The White Coat Diaries / |
| Statement of responsibility, etc | Madi Sinha. |
| 250 ## - EDITION STATEMENT | |
| Edition statement | 1st ed. |
| 260 ## - PUBLICATION, DISTRIBUTION, ETC. (IMPRINT) | |
| Place of publication, distribution, etc | New York : |
| Name of publisher, distributor, etc | Berkley, |
| Date of publication, distribution, etc | 2020. |
| 300 ## - PHYSICAL DESCRIPTION | |
| Extent | 354 p. ; |
| Dimensions | 21 cm. |
| 520 ## - SUMMARY, ETC. | |
| Summary, etc | "Grey's Anatomy meets Scrubs in this brilliant debut novel about a young doctor's struggle to survive residency, love, and life. Having spent the last twenty-something years with her nose in a textbook, brilliant and driven Norah Kapadia has just landed the medical residency of her dreams. But after a disastrous first day, she's ready to quit. Disgruntled patients, sleep deprivation, and her duty to be the "perfect Indian daughter" have her questioning her future as a doctor. Enter chief resident Ethan Cantor. He's everything Norah aspires to be: respected by the attendings, calm during emergencies, and charismatic with the patients. As he morphs from Norah's mentor to something more, it seems her luck is finally changing. When a fatal medical mistake is made, pulling Norah into a cover-up, she must decide how far she's willing to go to protect the secret. What if "doing no harm" means risking her career and the future for which she's worked so hard?"-- Provided by publisher. |
| 655 ## - INDEX TERM--GENRE/FORM | |
| Genre/form data or focus term | Love stories. |
| 942 ## - ADDED ENTRY ELEMENTS (KOHA) | |
| Source of classification or shelving scheme | Library of Congress Classification |
| Koha item type | Books |
| Withdrawn status | Lost status | Source of classification or shelving scheme | Damaged status | Home library | Current library | Shelving location | Date acquired | Source of acquisition | Total Checkouts | Full call number | Barcode | Date last seen | Price effective from | Koha item type |
|---|---|---|---|---|---|---|---|---|---|---|---|---|---|---|
| Library of Congress Classification | Luxembourg Library | Luxembourg Library | Fiction Section | 10/09/2024 | Library Fund | PS 3619 .Si617 2020 | 21287 | 10/09/2024 | 10/09/2024 | Books |